01106cam a2200265 a 450000100060000000300080000600500170001400800410003102000150007203500190008704000320010604100080013808200260014610000240017224502500019625000120044626000490045830000340050749000820054150000190062365000720064270000220071470000220073683000820075850324BD-RjUL20211209075506.0160824s1971 enka 001 0 eng  a0080162711 a(BD-RjUL)50444 aDLCcDLCdDLCdBD-RjULbeng aeng00a362.783223bBAM 19711 aBaranyay, Eileen P.14aThe mentally handicapped adolescent :bthe Slough Project of the National Society for Mentally Handicapped Children, an experimental step towards life in the community /c Eileen P. Baranyay. With a foreword by Gunnar Dybwad and Rosemary Dybwad. a1st ed. aOxford ;aNew York :bPergamon Press,cc1971 axii, 164 p. :bill. ;c22 cm.0 aThe Commonwealth and international library. Mental health and social medicine aIncludes index 0aChildren with mental disabilitiesxRehabilitationzEnglandzSlough. aDybwad, Gunnar  aDybwad, Rosemary  aThe Commonwealth and international library. Mental health and social medicine